| 000 | 00439nam a2200169Ia 4500 | ||
|---|---|---|---|
| 008 | 180207s9999 xx 000 0 und d | ||
| 020 | _a9781416961727 | ||
| 050 | _bT473 2008 | ||
| 100 | _aThompson, Kay. | ||
| 245 | _aEloise throws a party / | ||
| 245 | _cKay Thompson's ; art by Hilary Knight. | ||
| 260 | _aNew York : | ||
| 260 | _bAladdin Paperbacks, | ||
| 260 | _c2008 | ||
| 300 | _aunpaged : | ||
| 300 | _bcolor illustration ; | ||
| 999 |
_c355195 _d355195 |
||